[Event "Montigny le Bretonneux op 21st"]
[Site "Montigny le Bretonneux"]
[Date "2021.12.28"]
[Round "4"]
[White "Longbien, Dominique"]
[Black "Bauchaire, Gerard"]
[Result "1-0"]
[WhiteElo "1417"]
[BlackElo "1248"]
[PlyCount "101"]
[EventDate "2021.12.26"]
[EventType "swiss"]
[EventRounds "9"]
[EventCountry "FRA"]
[SourceTitle "EXT 2023"]
[Source "ChessBase"]
[SourceDate "2022.10.05"]
[SourceVersion "1"]
[SourceVersionDate "2022.10.05"]
[SourceQuality "1"]

1. d4 d5 2. Bf4 Bf5 3. Nf3 Nf6 4. e3 e6 5. Nbd2 Be7 6. c4 c6 7. cxd5 cxd5 8. Bb5+ Nbd7 9. 0-0 Rc8 10. Ne5 0-0 11. Nxd7 Nxd7 12. Qa4 Nf6 13. Qb3 a6 14. Bd3 Bxd3 15. Qxd3 Qb6 16. Rab1 Rc6 17. Qb3 Qxb3 18. Nxb3 Rfc8 19. Na5 Rb6 20. a3 Ne4 21. Rbc1 Rxc1 22. Rxc1 Rxb2 23. Rc8+ Bf8 24. h3 Rxf2 25. Nxb7 Rxf4 26. exf4 g6 27. Nc5 Kg7 28. Nxe4 dxe4 29. a4 e3 30. Kf1 a5 31. Ke2 Bb4 32. Kxe3 h6 33. g4 Kf6 34. Rb8 Bd6 35. Rb5 g5 36. fxg5+ hxg5 37. Rxa5 e5 38. d5 Ke7 39. Ra7+ Ke8 40. a5 Bc5+ 41. Ke4 Bxa7 42. Kxe5 Bb8+ 43. Kf6 Bc7 44. a6 Bd8+ 45. Ke5 Bc7+ 46. Kf5 Bb8 47. Kxg5 Ke7 48. Kf5 Kd6 49. h4 Kxd5 50. h5 Kc5 51. h6 1-0